UBT Library

BASIC AND CLINIBAL SCIENCE COURSE UPDATE GENERAL MEDICINE (Record no. 39267)

000 -LEADER
fixed length control field 00330nam a22001337a 4500
008 - FIXED-LENGTH DATA ELEMENTS--GENERAL INFORMATION
fixed length control field 171221b xxu||||| |||| 00| 0 eng d
020 ## - INTERNATIONAL STANDARD BOOK NUMBER
International Standard Book Number 1560550759
041 ## - LANGUAGE CODE
Language code of text/sound track or separate title eng
080 ## - UNIVERSAL DECIMAL CLASSIFICATION NUMBER
Universal Decimal Classification number 517
100 ## - Rafti
Rafti 8
101 ## - Shkurtesa
Shkurtesa OFT
245 ## - TITLE STATEMENT
Title BASIC AND CLINIBAL SCIENCE COURSE UPDATE GENERAL MEDICINE
Statement of responsibility, etc BULLOCK.J.D
942 ## - ADDED ENTRY ELEMENTS (KOHA)
Source of classification or shelving scheme
Item type Books

No items available.

UBT Library © 2015-2024. All rights reserved University Education for Business and Technology